Pobaltské republiky
Ekonomická a geografická charakteristika troch pobaltských republík - Lotyšska, Litvy a Estónska. Zahraničný obchod a vzťahy Slovenska s jednotlivými krajinami. Zákonný rámec obchodu a podnikanie. Investičné prostredie. Daňový systém. Bankovníctvo. Porovnanie legislatívnych podmienok v pobaltských r...
Gespeichert in:
| 1. Verfasser: | |
|---|---|
| Weitere Verfasser: | , |
| Format: | Buchkapitel |
| Sprache: | Slowakisch |
| Schlagworte: | |
| Tags: |
Keine Tags, Fügen Sie das erste Tag hinzu!
|
MARC
| LEADER | 00000naa a2200000 4500 | ||
|---|---|---|---|
| 001 | r027805 | ||
| 005 | 20230919113127.8 | ||
| 041 | 0 | |a slo | |
| 044 | |a SK | ||
| 245 | 1 | 0 | |a Pobaltské republiky |c L. Kubizňák, L. Zúnová, Jozef Šucha |
| 520 | |a Ekonomická a geografická charakteristika troch pobaltských republík - Lotyšska, Litvy a Estónska. Zahraničný obchod a vzťahy Slovenska s jednotlivými krajinami. Zákonný rámec obchodu a podnikanie. Investičné prostredie. Daňový systém. Bankovníctvo. Porovnanie legislatívnych podmienok v pobaltských republikách a v krajinách SNŠ. | ||
| 610 | 2 | 0 | |a Pobaltie |
| 610 | 2 | 0 | |a Lotyšsko |
| 610 | 2 | 0 | |a Litva |
| 610 | 2 | 0 | |a Estónsko |
| 610 | 2 | 0 | |a Slovensko |
| 610 | 2 | 0 | |a obchod zahraničný |
| 610 | 2 | 0 | |a styk zahraničnoobchodný |
| 610 | 2 | 0 | |a investície zahraničné |
| 610 | 2 | 0 | |a prostredie ekonomické |
| 610 | 2 | 0 | |a sústava daňová |
| 610 | 2 | 0 | |a legislatíva |
| 100 | 1 | |a Kubizňák, Ladislav | |
| 700 | 1 | |a Zúnová, L. | |
| 700 | 1 | |a Šucha, Jozef | |